| 000 | 00788nam a22002057a 4500 | ||
|---|---|---|---|
| 003 | 0 | ||
| 005 | 20250626113942.0 | ||
| 008 | 231018b xxu||||| |||| 00| 0 eng d | ||
| 050 |
_aPHS LB 1048 _b.G34 2023 |
||
| 100 | _aGaerlan, Jilliane Rae P. | ||
| 245 |
_aQuality of household environment and academic productivity of onsite SHS students _c Jilliane Rae P. Gaerlan |
||
| 260 |
_aLas Pinas City, Philippines : _bSouthville International School and Colleges, _c2023. |
||
| 300 |
_a46 pages ; _c30 cm. |
||
| 504 | _aIncludes bibliographical references. | ||
| 650 |
_aStudents _vAcademic achievement. |
||
| 650 |
_aHigh school students _vSocial conditions. |
||
| 650 |
_aEducation and social aspects _zPhilippines. |
||
| 650 |
_aHome environment _zSocial aspects. |
||
| 942 |
_2lcc _cPASS |
||
| 999 |
_c365536 _d365536 |
||